00733nam a22002297a 4500003000500000005001700005008004100022010001000063011001000073035001000083040000900093100003200102245008300134260006600217300001900283490003900302650002500341650003500366700002900401700003400430830003900464CHAP20220329141146.0971010s1986 r 00010 d a63605 a64577 a70263 cCHAP00aPérez Palacios, Gilberto.1 aDeterminación de niveles de fósforo sanguíneo en bovinos bajo agostadero aZacatecas, Zac. :bUniversidad Autónoma de Zacatecas,c1986 a36 p. gráfs. aCuadernos de investigaciónv; 2614aFósforo en sangre.14aGanado vacunoxAlimentación.0 aBaldwin Sevilla, Carlos.0 aCastillo Peuna, Miguel Angel.0 aCuadernos de investigaciónv; 26